• 首页
  • 本馆介绍
  • 公告通知
  • 最新文献
  • 馆藏检索
  • 电子资源
  • 读者导购
  • 参考咨询
  • 我的图书馆
  • 登录
  • 详细信息显示
  • 放入我的书架
  • 预约/预借图书
  • 作者相关作品
  • 分类相关作品
  • 丛书相关作品
  • 出版社相关作品

书目信息

  • 表格格式
  • 工作单格式
  • 卡片格式
书名: Ourselves as students
作者: multicultural voices in the classroom :
分册号:
分册名:
出版地: Carbondale :
 
出版社: Southern Illinois University Press
出版时间: c1996.
页数: xviii, 147 p. :
开本: 23 cm.
丛书名:
中图分类号:
科图分类号:
其他分类号: G171.2
主题词:
电子资源:
000 01487cam a2200349 a 450
001 E0729467538
005 20070506082325.34
008 960320s1996 ilua b 000 0 eng
010    @a96015621
020    @a0809320878 (cloth : alk. paper).
020    @a0809320886 (pbk. : alk. paper).
035    @A(DLC) 96015621
040    @aDLC@cDLC@dDLC
043    @an-us-va@an-us---
050 00 @aLD4331@b.O87 1996
082 00 @a378.755/523@2 20
090    @aG171.2
099    @dG171.2@ex8
245 00 @aOurselves as students / @cmulticultural voices in the classroom :@bcompiled and edited by the Broad Minds Collective.
260    @aCarbondale :@bSouthern Illinois University Press,@cc1996.
300    @axviii, 147 p. :@bill. ;@c23 cm.
500    @aCollection of essays written by students at Old Dominion University.
504    @aIncludes bibliographical references (p. [143]-147).
610 20 @aOld Dominion University@xStudents@xAttitudes.
650  0 @aCollege students@zUnited States@xAttitudes@xCase studies.
650  0 @aMulticultural education@zUnited States@xCase studies.
650  0 @aCollege students@zUnited States@xSocial conditions@xCase studies.
710 2  @aBroad Minds Collective.
906    @a7@bcbc@corignew@d1@eocip@f19@gy-gencatlg
920    @a**LC HAS REQ’D # OF SHELF COPIES**
955    @apc05 to sa00 03-20-96; sj11 03-21-96; sj09 03-20-96; sj04 03-21-96; CIP ver. pv08 12-06-96
991    @bc-GenColl@hLD4331@i.O87 1996@tCopy 1@wBOOKS
    
    Ourselves as students / / multicultural voices in the classroom : : compiled and edited by the Broad Minds Collective.-Carbondale : : Southern Illinois University Press, , c1996.
    xviii, 147 p. : : ill. ; ; 23 cm.
    Collection of essays written by students at Old Dominion University.-Includes bibliographical references (p. [143]-147).
    
    ISBN 0809320878 (cloth : alk. paper).
    
●
相关链接 在E读中查询图书 在五车中查询图书 在当当中查询图书 在豆瓣中查询图书


正题名:Ourselves as students     索取号:G171.2/x8         预约/预借

序号 登录号 条形码 馆藏地/架位号 状态 备注
1 7105   300071053   第二样本阅览室/ [索取号:G171.2/x8] 在馆    
唐山师范学院图书馆 欢迎您!
大连网信软件有限公司© 版权所有